<?xml version="1.0" encoding="UTF-8"?>
<marc:record xmlns:marc="http://www.loc.gov/MARC21/slim">
   <marc:leader>00000nam a2200000 a 4500</marc:leader>
   <marc:datafield ind1="1" ind2=" " tag="100">
      <marc:subfield code="a">Wolf, Hubert</marc:subfield>
      <marc:subfield code="4">aut</marc:subfield>
      <marc:subfield code="e">Verfasser/-in</marc:subfield>
   </marc:datafield>
   <marc:datafield ind1="0" ind2="0" tag="245">
      <marc:subfield code="a">Die Nonnen von Sant `Ambrogio</marc:subfield>
   </marc:datafield>
   <marc:datafield ind1="0" ind2="0" tag="245">
      <marc:subfield code="b">eine wahre Geschichte</marc:subfield>
   </marc:datafield>
   <marc:datafield ind1="0" ind2="0" tag="245">
      <marc:subfield code="c">Hubert Wolf</marc:subfield>
   </marc:datafield>
   <marc:datafield ind1=" " ind2="1" tag="264">
      <marc:subfield code="a">München</marc:subfield>
      <marc:subfield code="b">Beck</marc:subfield>
      <marc:subfield code="c">2013</marc:subfield>
   </marc:datafield>
   <marc:datafield ind1=" " ind2=" " tag="250">
      <marc:subfield code="a">2. Aufl.</marc:subfield>
   </marc:datafield>
   <marc:datafield ind1="1" ind2=" " tag="520">
      <marc:subfield code="a">Die Akten dieses Inquisitionsprozesses sollten für alle Ewigkeit in den Archiven des Vatikans verschwinden. Um ganz sicher zu gehen, legte man sie an falscher Stelle ab - wodurch sie über hundert Jahre später der Forschung zugänglich werden. Und Unglaubliches enthüllen: im römischen Kloster Sant Ambrogio werden 1859 Nonnen als Heilige verehrt - Dämonenaustreibungen, Segnungen per Zungenkuss und lesbische Initiationsriten inbegriffen. Zweiflerinnen werden beseitigt. Das Netzwerk der Jesuiten hat beste Kontakte zum Papst. Eine gewaltige Sprengkraft für die Katholische Kirche - bis heute...</marc:subfield>
   </marc:datafield>
   <marc:datafield ind1=" " ind2=" " tag="020">
      <marc:subfield code="a">9783406645228</marc:subfield>
      <marc:subfield code="9">9783406645228</marc:subfield>
   </marc:datafield>
   <marc:datafield ind1=" " ind2=" " tag="020">
      <marc:subfield code="a">3406645224</marc:subfield>
      <marc:subfield code="9">3406645224</marc:subfield>
   </marc:datafield>
   <marc:datafield ind1=" " ind2=" " tag="300">
      <marc:subfield code="a">544 S.</marc:subfield>
   </marc:datafield>
</marc:record>
